Statystyki dla Serie A TOTS - FIFA 21

Kliknij tutaj aby rozwiązać quiz!

Ogólne statystyki

  • Ten quiz został rozwiązany 251 razy
  • Średni wynik to 12 z 15

Statystyki odpowiedzi

OverallNarodowośćKlubPiłkarz% Poprawnych
98PortugaliaJuventusRonaldo
97%
96BelgiaInterLukaku
92%
91KolumbiaJuventusCuadrado
88%
93WKSMilanKessie
88%
94ArgentynaInterMartinez
87%
95BelgiaNapoliMertens
86%
91WłochyMilanDonnarumma
84%
89SłowacjaInterSkriniar
83%
92HolandiaInterde Vrij
81%
94WłochyNapoliInsigne
80%
92FrancjaMilanHernandez
77%
93ArgentynaUdineseDe Paul
74%
93KolumbiaAtalantaMuriel
74%
88WłochySassuoloBerardi
72%
90ArgentynaAtalantaRomero
58%

Rozkład punktacji

Percentyl według liczby udzielonych odpowiedzi

Procent ludzi z każdym wynikiem

Twoja historia wyników

Nie rozwiązałeś tego quizu